<?xml version="1.0" encoding="UTF-8"?>
<record
    xmlns:xsi="http://www.w3.org/2001/XMLSchema-instance"
    xsi:schemaLocation="http://www.loc.gov/MARC21/slim http://www.loc.gov/standards/marcxml/schema/MARC21slim.xsd"
    xmlns="http://www.loc.gov/MARC21/slim">

  <leader>03210nab a2200313uuc4500</leader>
  <controlfield tag="001">1319891</controlfield>
  <controlfield tag="005">20241024091413.0</controlfield>
  <controlfield tag="008">130314e20120701                    mul  </controlfield>
  <datafield tag="035" ind1=" " ind2=" ">
    <subfield code="a">1319891</subfield>
  </datafield>
  <datafield tag="040" ind1=" " ind2=" ">
    <subfield code="c">comduadb</subfield>
  </datafield>
  <datafield tag="041" ind1=" " ind2=" ">
    <subfield code="a">ENG</subfield>
    <subfield code="a">mul</subfield>
  </datafield>
  <datafield tag="100" ind1="1" ind2="0">
    <subfield code="a">Moreno Castillo, Jenny Alexandra</subfield>
    <subfield code="4">aut</subfield>
    <subfield code="e">aut</subfield>
    <subfield code="9">712778</subfield>
  </datafield>
  <datafield tag="245" ind1="1" ind2="0">
    <subfield code="a">Situaci&#xF3;n de salud bucal y estado prot&#xE9;sico del paciente edentado bimaxilar que acude a la Facultad de Odontolog&#xED;a de la Universidad de Antioquia : un estudio piloto</subfield>
  </datafield>
  <datafield tag="246" ind1="1" ind2=" ">
    <subfield code="a">Oral health profile and denture status of bimaxillary edentulous patients treated at Universidad de Antioquias school of dentistry : a pilot study.</subfield>
  </datafield>
  <datafield tag="520" ind1="3" ind2=" ">
    <subfield code="a">Introducci&#xF3;n: este estudio tuvo como objetivo general analizar la situaci&#xF3;n de salud bucal y el estado prot&#xE9;sico en una muestra de pacientes edentados bimaxilares atendidos en la cl&#xED;nica del adulto de la Facultad de Odontolog&#xED;a de la Universidad de Antioquia. M&#xE9;todos: estudio descriptivo en 54 pacientes que consultaron a la instituci&#xF3;n en el periodo 2008-2010.  Se consideraron las siguientes variables: edad, sexo, estrato socioecon&#xF3;mico, nivel educativo, frecuencia de cepillado, utilizaci&#xF3;n de enjuagues, limpieza de la mucosa, remoci&#xF3;n nocturna de la pr&#xF3;tesis, presencia de estomatitis, &#xFA;lceras, aumento fibroso, porosidades, pigmentaciones, c&#xE1;lculos, fracturas, dientes ca&#xED;dos, desgaste dentario y grado de satisfacci&#xF3;n con el aparato prot&#xE9;sico. Se describieron las variables mencionadas por sexo y pruebas Chi cuadrado para observar significancias estad&#xED;sticas. Resultados: la mayor&#xED;a de la poblaci&#xF3;n estudiada se ubic&#xF3; en estratos socioecon&#xF3;micos y niveles educativos bajos. El 48% present&#xF3; alg&#xFA;n tipo de estomatitis en el arco superior. El 46% se retiran ambas pr&#xF3;tesis en la noche, con mayor proporci&#xF3;n en las mujeres (58%). Los c&#xE1;lculos fueron el hallazgo m&#xE1;s importante en cuanto al estado prot&#xE9;sico, present&#xE1;ndose en el 79% en la pr&#xF3;tesis inferior. Casi el 80% de la poblaci&#xF3;n examinada estaba satisfecha con la pr&#xF3;tesis total superior y el 44% con la inferior. Conclusi&#xF3;n: los resultados encontrados reflejaron la falta de mantenimiento y control de la situaci&#xF3;n de estos pacientes, as&#xED; como deficiencias en los h&#xE1;bitos de higiene bucal y de las pr&#xF3;tesis, situaci&#xF3;n que no concuerda con la alta satisfacci&#xF3;n encontrada.</subfield>
  </datafield>
  <datafield tag="610" ind1="2" ind2="4">
    <subfield code="a">Universidad de Antioquia. </subfield>
    <subfield code="b">Facultad de Odontologia</subfield>
    <subfield code="9">829935</subfield>
  </datafield>
  <datafield tag="650" ind1=" " ind2=" ">
    <subfield code="a">Boca edentada</subfield>
    <subfield code="9">61399</subfield>
  </datafield>
  <datafield tag="650" ind1=" " ind2=" ">
    <subfield code="a">Higiene oral</subfield>
    <subfield code="9">21725</subfield>
  </datafield>
  <datafield tag="650" ind1=" " ind2="7">
    <subfield code="a">Pr&#xF3;tesis dental</subfield>
    <subfield code="2">dcs</subfield>
    <subfield code="9">20550</subfield>
  </datafield>
  <datafield tag="700" ind1="1" ind2="0">
    <subfield code="a">Montoya Sep&#xFA;lveda, Andr&#xE9;s F.</subfield>
    <subfield code="4">aut</subfield>
    <subfield code="e">aut</subfield>
    <subfield code="9">674417</subfield>
  </datafield>
  <datafield tag="700" ind1="1" ind2="0">
    <subfield code="a">G&#xF3;mez Gil, Diana P.</subfield>
    <subfield code="4">aut</subfield>
    <subfield code="e">aut</subfield>
    <subfield code="9">643521</subfield>
  </datafield>
  <datafield tag="700" ind1="1" ind2="0">
    <subfield code="a">Arboleda Cadavid, Alejandro</subfield>
    <subfield code="4">aut</subfield>
    <subfield code="e">aut</subfield>
    <subfield code="9">674418</subfield>
  </datafield>
  <datafield tag="700" ind1="1" ind2="0">
    <subfield code="a">Zea Restrepo, Francisco J.</subfield>
    <subfield code="4">aut</subfield>
    <subfield code="e">aut</subfield>
    <subfield code="9">674419</subfield>
  </datafield>
  <datafield tag="700" ind1="1" ind2="0">
    <subfield code="a">Agudelo Su&#xE1;rez, Andr&#xE9;s Alonso</subfield>
    <subfield code="4">aut</subfield>
    <subfield code="e">aut</subfield>
    <subfield code="9">347970</subfield>
  </datafield>
  <datafield tag="773" ind1="0" ind2=" ">
    <subfield code="t">Revista Facultad de Odontolog&#xED;a. Universidad de Antioquia (Medell&#xED;n)</subfield>
    <subfield code="g">Volumen 24, N&#xFA;mero 01, Julio-Diciembre 2012, p. 22-36</subfield>
    <subfield code="w">385976</subfield>
    <subfield code="z">0121246X</subfield>
    <subfield code="0">109914</subfield>
  </datafield>
  <datafield tag="856" ind1="4" ind2=" ">
    <subfield code="u">http://aprendeenlinea.udea.edu.co/revistas/index.php/odont/issue/view/1273/showToc</subfield>
  </datafield>
  <datafield tag="856" ind1="4" ind2=" ">
    <subfield code="u">http://bibliotecadigital.udea.edu.co/dspace/handle/10495/4632</subfield>
  </datafield>
  <datafield tag="942" ind1=" " ind2=" ">
    <subfield code="c">ARIMP</subfield>
  </datafield>
  <datafield tag="999" ind1=" " ind2=" ">
    <subfield code="c">643806</subfield>
    <subfield code="d">643806</subfield>
  </datafield>
</record>
